Návod na opakovanie stredoškolskej matematiky
Enregistré dans:
| Format: | Livre |
|---|---|
| Langue: | slovaque |
| Publié: |
Bratislava :
SVŠT v Bratislave EF,
1975
|
| Tags: |
Pas de tags, Soyez le premier à ajouter un tag!
|
MARC
| LEADER | 00000nam a22000003a 4500 | ||
|---|---|---|---|
| 001 | stu225647 | ||
| 005 | 20150408182850.4 | ||
| 008 | 110523s1986----cs------------------slo-d | ||
| 040 | |a STU |b slo | ||
| 041 | 0 | |a slo | |
| 044 | |a cs | ||
| 080 | |a 51(075.8) | ||
| 245 | |a Návod na opakovanie stredoškolskej matematiky | ||
| 260 | |a Bratislava : |b SVŠT v Bratislave EF, |c 1975 | ||
| 996 | |b E35005 |c E*35005 |l EE03 |s P |a 0 |w stu225647_0001 | ||